[Event "DSJ Weihnachtsturnier U20 2020"]
[Site "https://play.chessbase.com/en/play?room=DSJWeihnachtU20"]
[Date "2020.12.29"]
[Round "3"]
[White "Weidemann, Jakob"]
[Black "Köhler, Lukas"]
[Result "1-0"]
[Termination "time forfeit"]
[Board "13.2"]
[WhiteElo "1570"]
[BlackElo "2127"]
[WhiteTeam "Schachklub Münster 32 2"]
[BlackTeam "SC 1868 Bamberg"]
[PlyCount "107"]
[WhiteFideId "16255470"]
[BlackFideId "16221990"]
[EventRounds "7"]
[EventType "team-swiss"]
[EventDate "2020.12.29"]

1. e4 {[%emt 0:00:10]} c6 {[%emt 0:00:12]} 2. Nc3 {[%emt 0:00:10]} d5 {[%emt
0:00:34]} 3. Qe2 {[%emt 0:00:03]} b5 {[%emt 0:00:04]} 4. exd5 {[%emt 0:00:50]}
b4 {[%emt 0:00:02]} 5. Ne4 {[%emt 0:00:04]} cxd5 {[%emt 0:00:01]} 6. Qb5+ {
[%emt 0:00:18]} Qd7 {[%emt 0:02:10]} 7. Nc5 {[%emt 0:00:05]} Qxb5 {[%emt
0:00:02]} 8. Bxb5+ {[%emt 0:00:04]} Nd7 {[%emt 0:00:05]} 9. Nf3 {[%emt
0:00:30]} e6 {[%emt 0:00:09]} 10. Nxd7 {[%emt 0:00:23]} Bxd7 {[%emt 0:00:00]}
11. Bxd7+ { [%emt 0:00:01]} Kxd7 {[%emt 0:00:01]} 12. Ne5+ {[%emt 0:00:15]} Ke8
{[%emt 0:00:04]} 13. Nd3 {[%emt 0:00:01]} Bd6 {[%emt 0:00:03]} 14. b3 {[%emt
0:00:05]} Nf6 {[%emt 0:00:01]} 15. Bb2 {[%emt 0:00:06]} Kd7 {[%emt 0:00:05]}
16. O-O-O { [%emt 0:00:16]} a5 {[%emt 0:00:07]} 17. Kb1 {[%emt 0:00:09]} Rhc8
{[%emt 0:00:04]} 18. f3 {[%emt 0:00:12]} Rc7 {[%emt 0:00:22]} 19. Rhe1 {[%emt
0:00:25]} Rac8 {[%emt 0:00:13]} 20. Rc1 {[%emt 0:00:02]} Bxh2 {[%emt 0:00:24]}
21. f4 { [%emt 0:00:05]} Ne4 {[%emt 0:00:10]} 22. Bxg7 {[%emt 0:00:12]} Rg8
{[%emt 0:00:46]} 23. Be5 {[%emt 0:00:10]} Rcc8 {[%emt 0:00:12]} 24. Re2 {[%emt
0:00:09]} f6 {[%emt 0:00:23]} 25. Bb2 {[%emt 0:00:13]} Rg6 {[%emt 0:00:20]} 26.
g4 {[%emt 0:00:15]} Bg3 {[%emt 0:00:16]} 27. g5 {[%emt 0:00:07]} Nc5 {[%emt
0:00:41]} 28. Nxc5+ {[%emt 0:00:05]} Rxc5 {[%emt 0:00:01]} 29. Bxf6 {[%emt
0:00:03]} Bxf4 { [%emt 0:00:05]} 30. Rg2 {[%emt 0:00:19]} h6 {[%emt 0:00:36]}
31. Rf1 {[%emt 0:01:00]} Bxg5 {[%emt 0:00:17]} 32. Bd4 {[%emt 0:00:03]} Rc8
{[%emt 0:00:17]} 33. Rf7+ {[%emt 0:00:03]} Kc6 {[%emt 0:00:30]} 34. Ra7 {[%emt
0:00:03]} Rgg8 { [%emt 0:00:58]} 35. Rxa5 {[%emt 0:00:10]} Ra8 {[%emt 0:00:12]}
36. Rxa8 { [%emt 0:00:07]} Rxa8 {[%emt 0:00:00]} 37. Be3 {[%emt 0:00:10]} Bxe3
{[%emt 0:00:17]} 38. dxe3 {[%emt 0:00:00]} Rh8 {[%emt 0:00:07]} 39. Rh2 {[%emt
0:00:15]} h5 {[%emt 0:00:13]} 40. Kb2 {[%emt 0:00:17]} Kd6 {[%emt 0:00:02]} 41.
c3 { [%emt 0:00:07]} bxc3+ {[%emt 0:00:03]} 42. Kxc3 {[%emt 0:00:03]} Ke5
{[%emt 0:00:03]} 43. Rh4 {[%emt 0:00:25]} Kf5 {[%emt 0:00:08]} 44. a4 {[%emt
0:00:20]} Kg5 {[%emt 0:00:02]} 45. Rh1 {[%emt 0:00:02]} h4 {[%emt 0:00:01]} 46.
a5 { [%emt 0:00:02]} e5 {[%emt 0:00:07]} 47. b4 {[%emt 0:00:10]} Ra8 {[%emt
0:00:05] } 48. Kb3 {[%emt 0:00:10]} Kg4 {[%emt 0:00:01]} 49. Ka4 {[%emt
0:00:05]} Kg3 { [%emt 0:00:03]} 50. b5 {[%emt 0:00:10]} h3 {[%emt 0:00:02]} 51.
b6 {[%emt 0:00:17]} Kg2 {[%emt 0:00:01]} 52. Rc1 {[%emt 0:00:15]} h2 {[%emt
0:00:02]} 53. b7 { [%emt 0:00:05]} Rf8 {[%emt 0:00:03]} 54. a6 {[%emt 0:00:14]
TimeB} 1-0

[Event "DSJ Weihnachtsturnier U20 2020"]
[Site "https://play.chessbase.com/en/play?room=DSJWeihnachtU20"]
[Date "2020.12.29"]
[Round "3"]
[White "Wolf, Pablo"]
[Black "Kvantaliani, Saba"]
[Result "0-1"]
[Termination "normal"]
[Board "13.3"]
[WhiteElo "2001"]
[BlackElo "1535"]
[WhiteTeam "SC 1868 Bamberg"]
[BlackTeam "Schachklub Münster 32 2"]
[PlyCount "74"]
[WhiteFideId "12943894"]
[BlackFideId "16284364"]
[EventRounds "7"]
[EventType "team-swiss"]
[EventDate "2020.12.29"]

1. e4 {[%emt 0:00:17]} c5 {[%emt 0:00:37]} 2. Nc3 {[%emt 0:00:04]} d6 {[%emt
0:00:03]} 3. g3 {[%emt 0:00:03]} Nc6 {[%emt 0:00:02]} 4. Bg2 {[%emt 0:00:01]}
Rb8 {[%emt 0:00:03]} 5. d3 {[%emt 0:00:02]} g6 {[%emt 0:00:01]} 6. Be3 {[%emt
0:00:03]} Bg7 {[%emt 0:00:01]} 7. Qd2 {[%emt 0:00:01]} Bd7 {[%emt 0:00:04]} 8.
h3 { [%emt 0:00:01]} Qa5 {[%emt 0:00:04]} 9. f4 {[%emt 0:00:05]} Nd4 {[%emt
0:00:11] } 10. Nf3 {[%emt 0:00:04]} Nxf3+ {[%emt 0:00:31]} 11. Bxf3 {[%emt
0:00:04]} Nf6 {[%emt 0:00:01]} 12. Bg2 {[%emt 0:00:06]} Nh5 {[%emt 0:00:06]}
13. Bf2 { [%emt 0:00:07]} Rc8 {[%emt 0:00:20]} 14. O-O {[%emt 0:00:04]} O-O
{[%emt 0:00:03]} 15. Kh2 {[%emt 0:00:19]} Bd4 {[%emt 0:00:04]} 16. Rfd1 {[%emt
0:00:52]} e6 {[%emt 0:00:45]} 17. Bf3 {[%emt 0:00:16]} Nf6 {[%emt 0:00:14]} 18.
Bxd4 { [%emt 0:00:24]} cxd4 {[%emt 0:00:03]} 19. Nd5 {[%emt 0:00:01]} Qxd2+
{[%emt 0:00:29]} 20. Rxd2 {[%emt 0:00:00]} exd5 {[%emt 0:00:02]} 21. exd5
{[%emt 0:00:02]} Rfe8 {[%emt 0:00:05]} 22. Kg2 {[%emt 0:00:03]} Re3 {[%emt
0:00:04]} 23. g4 {[%emt 0:00:05]} h6 {[%emt 0:01:42]} 24. Kf2 {[%emt 0:00:27]}
Rce8 {[%emt 0:00:10]} 25. Rg1 {[%emt 0:00:05]} b6 {[%emt 0:00:31]} 26. Rf1
{[%emt 0:00:14]} Bc8 {[%emt 0:00:05]} 27. Rg1 {[%emt 0:00:06]} Bb7 {[%emt
0:00:01]} 28. c4 {[%emt 0:00:17]} dxc3 {[%emt 0:00:04]} 29. bxc3 {[%emt
0:00:00]} Bxd5 {[%emt 0:00:02]} 30. Bd1 {[%emt 0:00:51]} Rxh3 {[%emt 0:00:20]}
31. Kf1 {[%emt 0:00:03]} Rhe3 { [%emt 0:00:22]} 32. Kf2 {[%emt 0:00:05]} Kg7
{[%emt 0:00:12]} 33. c4 {[%emt 0:00:05]} Bc6 {[%emt 0:00:03]} 34. a4 {[%emt
0:00:12]} d5 {[%emt 0:00:10]} 35. cxd5 {[%emt 0:00:08]} Nxd5 {[%emt 0:00:08]}
36. f5 {[%emt 0:00:02]} Nf4 { [%emt 0:00:11]} 37. Rg3 {[%emt 0:00:03]} Nh3+
{[%emt 0:00:16]} 0-1

[Event "DSJ Weihnachtsturnier U20 2020"]
[Site "https://play.chessbase.com/en/play?room=DSJWeihnachtU20"]
[Date "2020.12.29"]
[Round "3"]
[White "John, Niklas"]
[Black "Tahirovic, Denis"]
[Result "0-1"]
[Termination "normal"]
[Board "13.4"]
[WhiteElo "1521"]
[BlackElo "1439"]
[WhiteTeam "Schachklub Münster 32 2"]
[BlackTeam "SC 1868 Bamberg"]
[PlyCount "196"]
[WhiteFideId "16234626"]
[BlackFideId "16258762"]
[EventRounds "7"]
[EventType "team-swiss"]
[EventDate "2020.12.29"]

1. e4 {[%emt 0:00:07]} c5 {[%emt 0:00:04]} 2. Nf3 {[%emt 0:00:02]} d6 {[%emt
0:00:03]} 3. d4 {[%emt 0:00:01]} cxd4 {[%emt 0:00:00]} 4. Nxd4 {[%emt 0:00:01]}
Nf6 {[%emt 0:00:01]} 5. Nc3 {[%emt 0:00:01]} a6 {[%emt 0:00:01]} 6. Be3 { [%emt
0:00:03]} e5 {[%emt 0:00:01]} 7. Nb3 {[%emt 0:00:05]} Be6 {[%emt 0:00:01] } 8.
f3 {[%emt 0:00:06]} Be7 {[%emt 0:00:03]} 9. Qd2 {[%emt 0:00:02]} O-O { [%emt
0:00:04]} 10. O-O-O {[%emt 0:00:04]} b5 {[%emt 0:00:01]} 11. g4 {[%emt
0:00:08]} b4 {[%emt 0:00:05]} 12. Na4 {[%emt 0:00:57]} Nbd7 {[%emt 0:00:14]}
13. Bg2 {[%emt 0:01:48]} d5 {[%emt 0:00:23]} 14. g5 {[%emt 0:00:32]} d4 {[%emt
0:00:42]} 15. Bf2 {[%emt 0:00:59]} Nh5 {[%emt 0:00:08]} 16. h4 {[%emt 0:00:26]}
Nf4 {[%emt 0:00:17]} 17. Bg3 {[%emt 0:00:30]} Bxb3 {[%emt 0:01:31]} 18. cxb3 {
[%emt 0:00:29]} Rc8+ {[%emt 0:00:31]} 19. Kb1 {[%emt 0:00:07]} Ne6 {[%emt
0:00:25]} 20. f4 {[%emt 0:00:19]} exf4 {[%emt 0:01:10]} 21. Bxf4 {[%emt
0:00:06]} Ndc5 {[%emt 0:00:39]} 22. Nxc5 {[%emt 0:00:25]} Rxc5 {[%emt 0:00:26]}
23. Bg3 { [%emt 0:00:43]} Bd6 {[%emt 0:01:08]} 24. Bf2 {[%emt 0:00:25]} Bf4
{[%emt 0:00:08]} 25. Qxb4 {[%emt 0:00:49] Bamberg1-004 offers a draw} a5 {[%emt
0:00:54]} 26. Qe1 {[%emt 0:00:39]} Qd6 {[%emt 0:00:17]} 27. Bh3 {[%emt
0:00:41]} Rfc8 { [%emt 0:00:13]} 28. Bxe6 {[%emt 0:00:14]} fxe6 {[%emt
0:00:03]} 29. Qe2 { [%emt 0:00:03]} e5 {[%emt 0:00:05]} 30. Rhf1 {[%emt
0:00:02]} Rc2 {[%emt 0:00:01]} 31. Qe1 {[%emt 0:00:02]} a4 {[%emt 0:00:07]} 32.
Qa5 {[%emt 0:00:02]} axb3 {[%emt 0:00:04]} 33. axb3 {[%emt 0:00:01]} Qc6 {[%emt
0:00:27]} 34. Qe1 { [%emt 0:00:05]} Ra8 {[%emt 0:00:12]} 35. Bg3 {[%emt
0:00:03]} Rxb2+ {[%emt 0:00:10]} 36. Kxb2 {[%emt 0:00:01]} Qa6 {[%emt 0:00:08]}
37. Ra1 {[%emt 0:00:01]} Qb7 {[%emt 0:00:04]} 38. Bxf4 {[%emt 0:00:02]} Rb8
{[%emt 0:00:02]} 39. Ra3 { [%emt 0:00:02]} exf4 {[%emt 0:00:02]} 40. Rxf4
{[%emt 0:00:01]} d3 {[%emt 0:00:04]} 41. Qc3 {[%emt 0:00:02]} Rc8 {[%emt
0:00:08]} 42. Qxd3 {[%emt 0:00:02]} Qc7 {[%emt 0:00:03]} 43. Qd5+ {[%emt
0:00:01]} Kh8 {[%emt 0:00:02]} 44. Qc4 { [%emt 0:00:01]} Qe5+ {[%emt 0:00:02]}
45. Ka2 {[%emt 0:00:05]} Rd8 {[%emt 0:00:12]} 46. Ra4 {[%emt 0:00:03]} Rd2+
{[%emt 0:00:01]} 47. Ka3 {[%emt 0:00:01]} Qb2+ {[%emt 0:00:01]} 48. Kb4 {[%emt
0:00:02]} h6 {[%emt 0:00:05]} 49. Rf8+ { [%emt 0:00:02]} Kh7 {[%emt 0:00:01]}
50. Rf5 {[%emt 0:00:02]} Rd4 {[%emt 0:00:01]} 51. Rc5 {[%emt 0:00:03]} Rxc4+
{[%emt 0:00:01]} 52. Rxc4 {[%emt 0:00:01]} Qd2+ {[%emt 0:00:00]} 53. Kb5 {[%emt
0:00:01]} Qf4 {[%emt 0:00:00]} 54. Kb4 { [%emt 0:00:01]} Qb8+ {[%emt 0:00:00]}
55. Kc3 {[%emt 0:00:01]} Qg3+ {[%emt 0:00:01]} 56. Kb4 {[%emt 0:00:01]} Qxh4
{[%emt 0:00:00]} 57. e5 {[%emt 0:00:02]} Qxg5 {[%emt 0:00:01]} 58. Ka5 {[%emt
0:00:03]} Qxe5+ {[%emt 0:00:01]} 59. Kb4 { [%emt 0:00:02]} Qe1+ {[%emt
0:00:01]} 60. Kb5 {[%emt 0:00:01]} Qe5+ {[%emt 0:00:01]} 61. Rc5 {[%emt
0:00:02]} Qb8+ {[%emt 0:00:00]} 62. Kc4 {[%emt 0:00:02]} Qf4+ {[%emt 0:00:01]}
63. Kb5 {[%emt 0:00:02]} Qb8+ {[%emt 0:00:01]} 64. Kc4 { [%emt 0:00:01]} Qg8+
{[%emt 0:00:02]} 65. Kb5 {[%emt 0:00:02]} Qxb3+ {[%emt 0:00:02]} 66. Rb4 {[%emt
0:00:02]} Qd3+ {[%emt 0:00:02]} 67. Kb6 {[%emt 0:00:02]} Qd6+ {[%emt 0:00:04]}
68. Kb5 {[%emt 0:00:03]} Qd3+ {[%emt 0:00:03]} 69. Kb6 { [%emt 0:00:01]} Qd8+
{[%emt 0:00:02]} 70. Kb5 {[%emt 0:00:02]} Qb8+ {[%emt 0:00:01]} 71. Kc4 {[%emt
0:00:02]} Qf4+ {[%emt 0:00:02]} 72. Kb5 {[%emt 0:00:01]} Qb8+ {[%emt 0:00:01]}
73. Kc4 {[%emt 0:00:01]} Qg8+ {[%emt 0:00:01]} 74. Kb5 { [%emt 0:00:02]} Qe8+
{[%emt 0:00:01]} 75. Kc4 {[%emt 0:00:02]} Qe6+ {[%emt 0:00:01]} 76. Kb5 {[%emt
0:00:02]} Qd7+ {[%emt 0:00:05]} 77. Kc4 {[%emt 0:00:02]} g6 {[%emt 0:00:02]}
78. Rcb5 {[%emt 0:00:05]} Qc6+ {[%emt 0:00:02]} 79. Kb3 { [%emt 0:00:02]} h5
{[%emt 0:00:01]} 80. Rb6 {[%emt 0:00:02]} Qf3+ {[%emt 0:00:02]} 81. Ka4 {[%emt
0:00:02]} Qa8+ {[%emt 0:00:02]} 82. Kb3 {[%emt 0:00:03]} Kh6 {[%emt 0:00:02]}
83. Kc4 {[%emt 0:00:02]} Qe4+ {[%emt 0:00:01]} 84. Kb5 { [%emt 0:00:01]} Qd5+
{[%emt 0:00:01]} 85. Ka6 {[%emt 0:00:01]} Qa8+ {[%emt 0:00:05]} 86. Kb5 {[%emt
0:00:01]} Qe8+ {[%emt 0:00:03]} 87. Ka5 {[%emt 0:00:02]} Qa8+ {[%emt 0:00:02]}
88. Ra6 {[%emt 0:00:02]} Qd5+ {[%emt 0:00:01]} 89. Rb5 { [%emt 0:00:02]} Qa2+
{[%emt 0:00:00]} 90. Kb6 {[%emt 0:00:02]} Qe6+ {[%emt 0:00:02]} 91. Ka5 {[%emt
0:00:01]} Qe1+ {[%emt 0:00:02]} 92. Ka4 {[%emt 0:00:02]} Qa1+ {[%emt 0:00:04]}
93. Kb4 {[%emt 0:00:03]} Qxa6 {[%emt 0:00:00]} 94. Kc5 { [%emt 0:00:02]} Qc8+
{[%emt 0:00:02]} 95. Kd4 {[%emt 0:00:02]} Qg4+ {[%emt 0:00:01]} 96. Kc3 {[%emt
0:00:02]} Qf3+ {[%emt 0:00:02]} 97. Kc2 {[%emt 0:00:02]} Qe2+ {[%emt 0:00:01]}
98. Kc3 {[%emt 0:00:01]} Qxb5 {[%emt 0:00:00]} 0-1

[Event "DSJ Weihnachtsturnier U20 2020"]
[Site "https://play.chessbase.com/en/play?room=DSJWeihnachtU20"]
[Date "2020.12.29"]
[Round "3"]
[White "Boder, Jan"]
[Black "Schön, Florian"]
[Result "1-0"]
[Termination "normal"]
[Board "14.1"]
[WhiteElo "2146"]
[BlackElo "1642"]
[WhiteTeam "SC ML Kastellaun"]
[BlackTeam "VfB Schach Leipzig"]
[PlyCount "101"]
[WhiteFideId "16243226"]
[BlackFideId "16259394"]
[EventRounds "7"]
[EventType "team-swiss"]
[EventDate "2020.12.29"]

1. c4 {[%emt 0:00:03]} c5 {[%emt 0:00:10]} 2. g3 {[%emt 0:00:01]} Nc6 {[%emt
0:00:03]} 3. Bg2 {[%emt 0:00:03]} Nf6 {[%emt 0:00:04]} 4. Nc3 {[%emt 0:00:01]}
d6 {[%emt 0:00:07]} 5. e4 {[%emt 0:00:05]} g6 {[%emt 0:00:02]} 6. Nge2 {[%emt
0:00:01]} Bg7 {[%emt 0:00:02]} 7. O-O {[%emt 0:00:00]} O-O {[%emt 0:00:01]} 8.
d3 {[%emt 0:00:01]} e5 {[%emt 0:00:03]} 9. Be3 {[%emt 0:00:05]} Bg4 {[%emt
0:00:03]} 10. h3 {[%emt 0:00:01]} Be6 {[%emt 0:00:02]} 11. f4 {[%emt 0:00:02]}
Qd7 { [%emt 0:00:03]} 12. g4 {[%emt 0:00:20]} Qe7 {[%emt 0:00:21]} 13. f5
{[%emt 0:00:04]} gxf5 {[%emt 0:00:02]} 14. exf5 {[%emt 0:00:08]} Bd7 {[%emt
0:00:03]} 15. g5 {[%emt 0:00:04]} Ne8 {[%emt 0:01:13]} 16. f6 {[%emt 0:00:06]}
Qe6 { [%emt 0:00:17]} 17. fxg7 {[%emt 0:00:13]} Nxg7 {[%emt 0:00:02]} 18. Nd5 {
[%emt 0:00:04]} Nf5 {[%emt 0:00:32]} 19. Bf2 {[%emt 0:00:41]} Kh8 {[%emt
0:00:31]} 20. Ng3 {[%emt 0:00:20]} Rg8 {[%emt 0:00:42]} 21. Nc7 {[%emt
0:00:10]} Qg6 {[%emt 0:00:16]} 22. Nxa8 {[%emt 0:00:26]} Qxg5 {[%emt 0:00:02]}
23. Qf3 { [%emt 0:00:36]} Nxg3 {[%emt 0:00:35]} 24. Bxg3 {[%emt 0:00:11]} Qxg3
{[%emt 0:00:02]} 25. Qxg3 {[%emt 0:00:12]} Rxg3 {[%emt 0:00:00]} 26. Kh2 {[%emt
0:00:02] } Rxd3 {[%emt 0:00:05]} 27. Nc7 {[%emt 0:00:10]} f5 {[%emt 0:00:09]}
28. Rad1 { [%emt 0:00:07]} Rxd1 {[%emt 0:00:05]} 29. Rxd1 {[%emt 0:00:00]} Nd4
{[%emt 0:00:02]} 30. Bxb7 {[%emt 0:00:06]} Kg7 {[%emt 0:00:08]} 31. Kg2 {[%emt
0:00:36]} e4 {[%emt 0:00:13]} 32. Kf2 {[%emt 0:00:13]} Kh6 {[%emt 0:00:30]} 33.
b4 { [%emt 0:00:47]} Kg5 {[%emt 0:00:22]} 34. bxc5 {[%emt 0:00:07]} dxc5 {[%emt
0:00:03]} 35. Na6 {[%emt 0:00:02]} Ba4 {[%emt 0:00:11]} 36. Rg1+ {[%emt
0:01:05]} Kf4 {[%emt 0:00:13]} 37. Nxc5 {[%emt 0:00:04]} e3+ {[%emt 0:00:02]}
38. Ke1 { [%emt 0:00:04]} Nf3+ {[%emt 0:00:02]} 39. Bxf3 {[%emt 0:00:02]} Kxf3
{[%emt 0:00:04]} 40. Nxa4 {[%emt 0:00:03]} f4 {[%emt 0:00:03]} 41. Nc3 {[%emt
0:00:06]} h5 {[%emt 0:00:11]} 42. Rf1+ {[%emt 0:00:11]} Kg3 {[%emt 0:00:03]}
43. Ke2 { [%emt 0:00:01]} Kxh3 {[%emt 0:00:04]} 44. Rxf4 {[%emt 0:00:01]} Kg3
{[%emt 0:00:01]} 45. Rf3+ {[%emt 0:00:01]} Kg2 {[%emt 0:00:02]} 46. Rxe3 {[%emt
0:00:00] } h4 {[%emt 0:00:01]} 47. Ne4 {[%emt 0:00:04]} h3 {[%emt 0:00:00]} 48.
Rg3+ { [%emt 0:00:02]} Kh2 {[%emt 0:00:02]} 49. Kf2 {[%emt 0:00:06]} a5 {[%emt
0:00:03]} 50. Ng5 {[%emt 0:00:00]} a4 {[%emt 0:00:06]} 51. Rxh3# {[%emt
0:00:00] (Lag: Av=0.58s, max=3.9s) Mate 1-0} 1-0

[Event "DSJ Weihnachtsturnier U20 2020"]
[Site "https://play.chessbase.com/en/play?room=DSJWeihnachtU20"]
[Date "2020.12.29"]
[Round "3"]
[White "Michels, Fabio"]
[Black "Vecera, Fabio"]
[Result "0-1"]
[Termination "normal"]
[Board "14.3"]
[WhiteElo "1865"]
[BlackElo "1527"]
[WhiteTeam "SC ML Kastellaun"]
[BlackTeam "VfB Schach Leipzig"]
[PlyCount "106"]
[WhiteFideId "16223780"]
[BlackFideId "16281705"]
[EventRounds "7"]
[EventType "team-swiss"]
[EventDate "2020.12.29"]

1. c4 {[%emt 0:00:08]} e5 {[%emt 0:00:10]} 2. Nc3 {[%emt 0:00:03]} Nf6 { [%emt
0:00:11]} 3. g3 {[%emt 0:00:17]} Bb4 {[%emt 0:00:10]} 4. Bg2 {[%emt 0:00:05]}
c6 {[%emt 0:00:09]} 5. Nf3 {[%emt 0:01:05]} d6 {[%emt 0:00:23]} 6. O-O { [%emt
0:00:35]} O-O {[%emt 0:00:11]} 7. d3 {[%emt 0:00:05]} Bxc3 {[%emt 0:00:14]} 8.
bxc3 {[%emt 0:00:02]} Qc7 {[%emt 0:00:30]} 9. Bg5 {[%emt 0:00:39]} Nbd7 {[%emt
0:00:19]} 10. d4 {[%emt 0:00:11]} h6 {[%emt 0:00:10]} 11. Bxf6 {[%emt 0:00:07]}
Nxf6 {[%emt 0:00:08]} 12. Qb3 {[%emt 0:00:50]} Be6 {[%emt 0:00:14]} 13. Nd2
{[%emt 0:00:17]} b5 {[%emt 0:00:23]} 14. e4 {[%emt 0:01:53]} Rab8 {[%emt
0:00:59]} 15. d5 {[%emt 0:00:07]} Bd7 {[%emt 0:00:24]} 16. Rab1 {[%emt
0:00:21]} Rfc8 {[%emt 0:00:10]} 17. Rfc1 {[%emt 0:00:27]} bxc4 {[%emt 0:00:14]}
18. Qxc4 {[%emt 0:00:07]} Rxb1 {[%emt 0:00:11]} 19. Rxb1 {[%emt 0:00:09]} cxd5
{[%emt 0:00:10]} 20. Qxc7 {[%emt 0:00:02]} Rxc7 {[%emt 0:00:03]} 21. exd5
{[%emt 0:00:45]} Rxc3 {[%emt 0:00:09]} 22. Ne4 {[%emt 0:00:41]} Nxe4 {[%emt
0:00:09]} 23. Bxe4 {[%emt 0:00:08]} f5 {[%emt 0:00:40]} 24. Bg2 {[%emt
0:00:29]} Rc2 { [%emt 0:00:15]} 25. Rb7 {[%emt 0:00:44]} Rc1+ {[%emt 0:00:14]}
26. Bf1 { [%emt 0:00:03]} Be8 {[%emt 0:00:25]} 27. Kg2 {[%emt 0:00:01]} Bf7
{[%emt 0:00:23]} 28. Rb5 {[%emt 0:00:13]} g5 {[%emt 0:01:12]} 29. Be2 {[%emt
0:00:12]} Rc2 {[%emt 0:00:10]} 30. Bd3 {[%emt 0:00:01]} Rxa2 {[%emt 0:00:21]}
31. Bxf5 { [%emt 0:00:01]} a5 {[%emt 0:00:09]} 32. Be6 {[%emt 0:00:09]} Bxe6
{[%emt 0:00:08]} 33. dxe6 {[%emt 0:00:00]} Kf8 {[%emt 0:00:07]} 34. Rb7 {[%emt
0:00:00]} e4 {[%emt 0:00:15]} 35. Rf7+ {[%emt 0:00:03]} Ke8 {[%emt 0:00:06]}
36. Kf1 { [%emt 0:00:02]} a4 {[%emt 0:00:09]} 37. Rd7 {[%emt 0:00:01]} a3
{[%emt 0:00:07] } 38. Rxd6 {[%emt 0:00:01]} Ra1+ {[%emt 0:00:04]} 39. Kg2
{[%emt 0:00:01]} a2 { [%emt 0:00:11]} 40. Ra6 {[%emt 0:00:01]} Ke7 {[%emt
0:00:04]} 41. h3 {[%emt 0:00:03]} h5 {[%emt 0:00:06]} 42. Kh2 {[%emt 0:00:06]}
g4 {[%emt 0:00:11]} 43. h4 {[%emt 0:00:03]} Re1 {[%emt 0:00:11]} 44. Ra3 {[%emt
0:00:02]} a1=Q {[%emt 0:00:06]} 45. Rxa1 {[%emt 0:00:02]} Rxa1 {[%emt 0:00:02]}
46. Kg2 {[%emt 0:00:00] } Kxe6 {[%emt 0:00:03]} 47. Kh2 {[%emt 0:00:01]} Kd5
{[%emt 0:00:02]} 48. Kg2 { [%emt 0:00:01]} Kd4 {[%emt 0:00:01]} 49. Kh2 {[%emt
0:00:00]} Ra2 {[%emt 0:00:01]} 50. Kg2 {[%emt 0:00:00]} e3 {[%emt 0:00:02]} 51.
Kf1 {[%emt 0:00:02]} Rxf2+ {[%emt 0:00:05]} 52. Ke1 {[%emt 0:00:01]} Kd3 {[%emt
0:00:04]} 53. Kd1 { [%emt 0:00:02]} Rf1# {[%emt 0:00:02]} 0-1

[Event "DSJ Weihnachtsturnier U20 2020"]
[Site "https://play.chessbase.com/en/play?room=DSJWeihnachtU20"]
[Date "2020.12.29"]
[Round "3"]
[White "Willberg, Marek"]
[Black "Hoffmann, Tom"]
[Result "0-1"]
[Termination "normal"]
[Board "14.4"]
[WhiteElo "1386"]
[BlackElo "1296"]
[WhiteTeam "VfB Schach Leipzig"]
[BlackTeam "SC ML Kastellaun"]
[PlyCount "42"]
[WhiteFideId "16224027"]
[BlackFideId "16288726"]
[EventRounds "7"]
[EventType "team-swiss"]
[EventDate "2020.12.29"]

1. c4 {[%emt 0:00:11]} e5 {[%emt 0:00:06]} 2. Nc3 {[%emt 0:00:03]} Nf6 { [%emt
0:00:04]} 3. d3 {[%emt 0:00:07]} Bb4 {[%emt 0:00:46]} 4. Bd2 {[%emt 0:00:06]}
Nc6 {[%emt 0:00:06]} 5. g3 {[%emt 0:00:08]} d5 {[%emt 0:00:15]} 6. Bg2 { [%emt
0:00:19]} dxc4 {[%emt 0:00:33]} 7. dxc4 {[%emt 0:00:06]} O-O {[%emt 0:00:01]}
8. a3 {[%emt 0:00:14]} Be7 {[%emt 0:00:17]} 9. b4 {[%emt 0:01:26]} Be6 { [%emt
0:01:33]} 10. c5 {[%emt 0:01:00]} Nd5 {[%emt 0:01:05]} 11. h4 {[%emt 0:02:08]}
a5 {[%emt 0:00:34]} 12. Nxd5 {[%emt 0:00:56]} Bxd5 {[%emt 0:00:05]} 13. e4
{[%emt 0:00:50]} Be6 {[%emt 0:00:14]} 14. Nf3 {[%emt 0:00:05]} axb4 { [%emt
0:00:19]} 15. axb4 {[%emt 0:00:08]} Bg4 {[%emt 0:00:14]} 16. O-O { [%emt
0:00:31]} Rxa1 {[%emt 0:00:17]} 17. Qxa1 {[%emt 0:00:05]} Bxf3 {[%emt 0:00:01]}
18. Bxf3 {[%emt 0:00:02]} Qxd2 {[%emt 0:00:05]} 19. b5 {[%emt 0:00:13]} Nd4
{[%emt 0:00:12]} 20. Bg2 {[%emt 0:00:08]} Bxc5 {[%emt 0:00:24]} 21. Qb1 { [%emt
0:00:49]} b6 {[%emt 0:00:26]} 0-1